LEADER 01406nam a2200313 a 4500 001 000000141684 003 CaOOAMICUS 005 20150209140435.0 008 150209s1995 it u000 u ita r 020 $a88-15-05305-0 040 $aPUL$bita 100 1 $aChabod, Federico,$d1901-1960.$0(OLS)http://pul/name/37344 245 10$aIdea di Europa e politica dell'equilibrio /$cFederico Chabod ; a cura di Luisa Azzolini. 260 $aBologna :$bIl Mulino,$c1995. 300 $aLIX, 292 p. ;$c19 cm 490 1 $aTesti storici, filosofici e letterari ;$v04 504 $aComprende indicazioni bibliografiche. 651 4$aEuropa$xStoria.$0(OLS)http://pul/subject/6892 700 1 $aAzzolini, Luisa.$0(OLS)http://pul/name/91248 710 2 $aIstituto italiano per gli studi storici.$0(OLS)http://pul/name/13583 830 0$aTesti storici, filosofici e letterari (Istituto italiano per gli studi storici) ;$v04.$0(OLS)http://pul/title/21053 850 $aPUL 852 $aPUL$W1$xDP1 Fondo Capitani$y116$m9 A 36$j40762$qFondi$B163507$CPULBib$Z2$F163507 $HCap1170 $82 941 1 $a1 961 $aNota ms. di possesso: Capitani. 996 $6020$a88-15-05305-0$9(OLS)http://pul/number/156911 996 $6245$aIdea di Europa e politica dell'equilibrio$9(OLS)http://pul/title/179327 996 $6260$aBologna :$bIl Mulino$9(OLS)http://pul/publisher/47928 LEADER 01449nam a2200337 a 4500 001 000000146375 003 CaOOAMICUS 005 20151009113250.0 008 151009s2010 sp u001 u spa r 020 $z978-84-285-3661-5* 040 $aPUL$bita 082 04$a282.092 245 00$a365 días con el Padre Pío /$cedición a cargo de Gianluigi Pasquale. 246 03$aTrescientos sesenta y cinco días con el Padre Pío 250 $a2.a ed. 260 $aMadrid :$bSan Pablo,$c©2010. 300 $a380 p. ;$c19 cm. 500 $aBibliografia: p. [379]-380. 600 04$aPius a Pietrelcina,$cs.,$d1887-1968.$0(OLS)http://pul/subject/34896 700 1 $aPasquale, Gianluigi,$cO.F.M. Cap.,$d1967-$0(OLS)http://pul/name/54223 850 $aPUL 852 $aPUL$W1$xSL Religione 3$y85$m282. 092 PASGI 8$j169270$qDDC 21$B170054$CPULBib$Z2$F170054 $H126348 $81 941 1 $a9 960 $aPio da Pietrelcina,$cs.$d1887-1968$934896 960 $aForgione, Francesco,$cO.F.M. Cap., s.,$d1887-1968$934896 996 $6020$z978-84-285-3661-5*$9(OLS)http://pul/number/158828 996 $6082$a282.092$9(OLS)http://pul/classification/402 996 $6245$a365 días con el Padre Pío$9(OLS)http://pul/title/185021 996 $6246$aTrescientos sesenta y cinco días con el Padre Pío$9(OLS)http://pul/title/185022 996 $6260$aMadrid :$bSan Pablo$9(OLS)http://pul/publisher/66799